000 00563nam a22001697a 4500
003 NUST
038 _aNusrat Nadeem
082 _a200
100 _aAli, Shahzadi Fatima
_9125694
245 _aExploring Colonial Contours in Public Policy: A Case Study of Pakistan/
_cShahzadi Fatima Ali,
264 _aIslamabad;
_bS3H NUST;
_c2024.
300 _a83,p;
_bill;
_c30,cm.
650 _aMS-Government and Public Policy
_9125323
700 _aSupervisor: Dr. Uzair Hashmi
_9125689
856 _uhttp://10.250.8.41:8080/xmlui/handle/123456789/46372
942 _2ddc
_cSC
999 _c611407
_d611407